Statistiken für Wiener Bezirksteile mit Wörtern im Namen

Klicken Sie hier um das Quiz zu spielen!

Allgemein

  • Dieses Quiz wurde 75 mal gespielt
    (51 seit der letzten Aktualisierung)
  • Das Durchschnittsergebnis liegt bei 22 aus 45

Antwortstatistiken

WortteilBezirksteil% Korrekt
GebäudeFünf{haus}
86%
GebäudeSechs{haus}
86%
GebäudeWein{haus}
86%
Weiblicher Vorname{Maria}hilf
84%
Zahl{Sieben}hirten
84%
GebäudeRudolfs{heim}
77%
Zahl{Fünf}haus
75%
Männlicher VornameOber-St.-{Veit}
75%
Männlicher VornameUnter-St.-{Veit}
75%
Beruf
Sieben{hirte}n
73%
Beruf{Kaiser}ebersdorf
73%
Beruf{Kaiser}mühlen
73%
Farbe{Rot}hneusiedl
73%
TierKaiser{eber}sdorf
68%
Farbe{Weiß}gerber
64%
Weiblicher Vorname{Brigitte}nau
61%
Zahl{Sechs}haus
61%
Männlicher Vorname{Josef}sdorf
55%
Männlicher Vorname{Josef}stadt
55%
GebäudeGerst{hof}
52%
Männlicher Vorname{Michel}beuern
50%
GebäudeKalks{burg}
48%
Männlicher Vorname{Rudolf}sheim
48%
GebäudeSchaum{burg}ergrund
48%
Gebäude{Hütte}ldorf
45%
BerufWeiß{gerber}
43%
GebäudeHunds{turm}
36%
Tier{Hund}sturm
36%
GebäudeNeu{stift} am Walde
36%
Tier{Hirsch}stetten
34%
Männlicher Vorname{Leopold}au
34%
Männlicher Vorname{Leopold}stadt
34%
GebäudeNeu{bau}
32%
GebäudeZwischen{brücke}n
30%
TierAlt{lerche}nfeld
23%
TierNeu{lerche}nfeld
23%
Weiblicher Vorname{Margarete}n
18%
GebäudeWind{mühle}
18%
Männlicher Vorname{Gaudenz}dorf
14%
Männlicher VornameSt. {Ulrich}
14%
Beruf{Jäger}zeile
11%
Männlicher Vorname{Laurenz}ergrund
11%
Männlicher Vorname{Salman}nsdorf
11%
Weiblicher Vorname{Magdalene}ngrund
9%
Gebäude{Mauer}
9%

Verteilung der Resultate

Perzentil nach korrekt beantworteten Fragen

Anzahl Personen mit jedem Resultat

Ihre Resultats-Entwicklung

Sie haben dieses Quiz seit der letzten Aktualisierung nicht gespielt